Click the The Killers Song Title Ending - Statistics

General Stats
  • This quiz has been taken 43 times
  • The average score is 16 of 20
Answer Stats
Hint Answer % Correct
Mr. Brightside
100%
All These Things That I've Done
100%
Somebody Told Me
100%
Jenny Was a Friend of Mine
100%
When You Were Young
100%
Miss Atomic Bomb
97%
Smile Like You Mean It
97%
For Reasons Unknown
97%
Run For Cover
92%
Read My Mind
92%
Your Side of Town
89%
Losing Touch
81%
Andy, You're A Star
78%
Dying Breed
72%
A Dustland Fairytale
69%
Under The Gun
47%
Imploding The Mirage
47%
Shot At The Night
44%
My Own Soul's Warning
42%
Fire In Bone
39%
No matching quizzes found
Score Distribution
Percent of People with Each Score
Percentile by Number Answered
Your Score History
You have not taken this quiz